000 00595nam a2200169 a 4500
008 120416s1964 ||||||||||||||||| || u
050 _aHD 82 Sin
100 _aSinger, H. W. (Hans Wolfgang), 1910-2006
245 1 0 _aInternational development: growth and changes
260 _aNew York:
_bMcGraw-Hill
_c1964
300 _axiv, 295p
350 _a0.00
650 _aECONOMIC CHANGE
650 0 _aECONOMICS
650 _aECONOMIC GROWTH
995 _D0.00
_FCBU-MAIN LIBRARY (Kitwe)
_H1
_I0.00
_M1
_UAVAILABLE
_ZMain Library Open Access Collection
999 _c47333
_d47333